Muslims in India, Biographical Dictionary (Record no. 7980)

MARC details
000 -LEADER
fixed length control field 00434nam a2200169 a 4500
082 00 - DEWEY DECIMAL CLASSIFICATION NUMBER
Classification number 920
Author Cutter JAI
100 ## - MAIN ENTRY--AUTHOR NAME
Author name Jain, Naresh Kumar
245 ## - TITLE STATEMENT
Title Muslims in India, Biographical Dictionary
260 ## - PUBLICATION, DISTRIBUTION, ETC. (IMPRINT)
Place of publication New Delhi
Name of publisher Manohar Publisher
Year of publication 1979
300 ## - PHYSICAL DESCRIPTION
Number of Pages 253p
500 ## - GENERAL NOTE
General note includes index and biblioraphy
505 2# - FORMATTED CONTENTS NOTE
Formatted contents note Bibliography
505 2# - FORMATTED CONTENTS NOTE
Formatted contents note Bibliography00
650 ## - SUBJECT ADDED ENTRY--TOPICAL TERM
Topical Term Muslims-India
942 ## - ADDED ENTRY ELEMENTS (KOHA)
Koha item type Books
700 1# -
-- Jain, Naresh Kumar
Holdings
Collection code Home library Current library Shelving location Date acquired Cost, normal purchase price Full call number Accession Number Koha item type
Reference Henry Martyn Institute Library Henry Martyn Institute Library Reference   150.00 920 JAI 011963 Books
Reference Henry Martyn Institute Library Henry Martyn Institute Library Reference   500.00 920 JAI 018654 Books
                   Copyright © 2026 | Henry Martyn Institute | Hyderabad | TS-500052 | INDIA | Implemented by hmi.edu.in
Hit-Count:

Powered by Koha